01042nam a2200229 a 4500001001000000003000500010005001700015008004100032010001100073011001100084040000900095100003400104245020900138260004100347500006000388502013000448650004200578650005000620650004100670700003100711856007000742000113676CHAP20220329144407.0170906s2017 mx a fsm |||||||spa d a110137 a111109 cCHAP1 aOlvera Galicia, Marco Antonio10aProyecto de arborización urbana en el parque industrial Xalostoc en el municipio de Ecatepec de Morelos, Estado de México /h[En línea]cpor Marco Antonio Olvera Galicia y Alejandro López Serrato. aChapingo, Méx. :bEl autor,c2017. aPara ver el contenido del material haga clic en la liga aTesis (Lic. en Comercio Internacional de Productos Agropecuarios) -- UACH. División de Ciencias Económico Administrativas14aArboricultura urbanazMéxico (Edo.)14aZonas industrialesxArquitectura del paisaje.14aZonas industrialesxPlanificación.1 aLópez Serrato, Alejandro aFinding aiduhttp://10.13.5.2/tesis/sist113676.pdfzTeclea aquí